Normal view
MARC view
- Thompson, Charles L.
Entry Personal Name
001 - CONTROL NUMBER
- control field: 4088
003 - CONTROL NUMBER IDENTIFIER
- control field: NUST
005 - DATE AND TIME OF LATEST TRANSACTION
- control field: 20170823165120.0
008 - FIXED-LENGTH DATA ELEMENTS
- fixed length control field: 170823|| aca||aabn | a|a d
040 ## - CATALOGING SOURCE
- Original cataloging agency: NUST
- Transcribing agency: NUST
100 ## - HEADING--PERSONAL NAME
- Personal name: Thompson, Charles L.
670 ## - SOURCE DATA FOUND
- Source citation: Work cat.: (NUST)0: Thompson, Charles L., Counseling children /, c2011.
